Η διαδικασία της σιωπής
Αποθηκεύτηκε σε:
| Κύριος συγγραφέας: | |
|---|---|
| Άλλοι συγγραφείς: | |
| Μορφή: | Βιβλίο |
| Γλώσσα: | Greek French |
| Δημοσίευση: |
Σκόπελος :
Νησίδες,
[2000;].
|
| Θέματα: | |
| Ετικέτες: |
Προσθήκη ετικέτας
Δεν υπάρχουν, Καταχωρήστε ετικέτα πρώτοι!
|
MARC
| LEADER | 00000cam a2200000 i 4500 | ||
|---|---|---|---|
| 001 | 1/87122 | ||
| 008 | 051011s2000 gr | ||| |||| ||gre|| | ||
| 020 | |a 9608480906 | ||
| 035 | |l 10080735 | ||
| 040 | |a GR-MyUA |b gre |e AACR2 | ||
| 041 | 1 | |a gre |h fre | |
| 082 | 0 | |a 700.105 |2 (22) | |
| 100 | 1 | |a Virilio, Paul. | |
| 245 | 1 | 2 | |a Η διαδικασία της σιωπής / |c Πωλ Βιριλίο ; μετάφραση Βασίλης Τομανάς. |
| 260 | |a Σκόπελος : |b Νησίδες, |c [2000;]. | ||
| 300 | |a 63 σ. ; |c 20 εκ. | ||
| 500 | |a Μετάφραση από τα γαλλικά | ||
| 500 | |a Τίτλος πρωτοτύπου: La procedure silence. | ||
| 504 | |a Περιέχει βιβλιογραφία. | ||
| 650 | 0 | 0 | |a Aesthetics, Modern |y 20th century. |
| 650 | 0 | 0 | |a Art and science. |
| 700 | 1 | |a Τομανάς, Βασίλης, |e trl | |
| 852 | |a INST |b LESVOS |e 20051011 |h 700.105 VIR |p 005100032769 |q 005100032769 |t BK |y 0 | ||
| 901 | |a BIBL1-2005-3 | ||
| 909 | |a Λ |b 113855 | ||
| 920 | |a ΔΙΕΥΡΥΝΣΗ |b ΕΠΕΑΕΚ-ΠΤΕ |y Λέσβος |z 2004-10 | ||
| 970 | |a ΚΑΡΑ |b ΓΙΑΣΕΜΗ |z 2005/10/11 | ||